Catálogo
 En Linea

España y Onu. : (Registro nro. 41097)

Detalles MARC
000 -CABECERA
campo de control de longitud fija 00906nam a2200217 a 4500
001 - NÚMERO DE CONTROL
campo de control 000041607
005 - FECHA Y HORA DE LA ÚLTIMA TRANSACCIÓN
campo de control 20201002035649.0
008 - DATOS DE LONGITUD FIJA--INFORMACIÓN GENERAL
campo de control de longitud fija 131014s19782002sp 000 0 spa d
020 ## - NÚMERO INTERNACIONAL ESTÁNDAR DEL LIBRO
Número Internacional Estándar del Libro 8400037898
040 ## - FUENTE DE LA CATALOGACIÓN
Centro catalogador/agencia de origen DO-SdBNP
Lengua de catalogación spa
Centro/agencia transcriptor BNPHU
082 ## - NÚMERO DE LA CLASIFICACIÓN DECIMAL DEWEY
Número de clasificación xxxx
Número de documento/Ítem xxx
100 1# - ENTRADA PRINCIPAL--NOMBRE DE PERSONA
Nombre de persona Lleonart y Amselem, Alberto J.
9 (RLIN) 68379
245 10 - MENCIÓN DE TÍTULO
Título España y Onu. :
Resto del título la cuestión Española /
Mención de responsabilidad, etc. Alberto J. Lleonart y Amselem, Fernando María Castiella y Maíz.
260 ## - PUBLICACIÓN, DISTRIBUCIÓN, ETC.
Lugar de publicación, distribución, etc. Madrid, :
Nombre del editor, distribuidor, etc. Consejo Superior de Investigaciones Científicas,
Fecha de publicación, distribución, etc. 1978-2002.
300 ## - DESCRIPCIÓN FÍSICA
Extensión 6 v. ;
Dimensiones 21 cm.
490 1# - MENCIÓN DE SERIE
Mención de serie España y la organización de las Naciones Unidas
505 0# - NOTA DE CONTENIDO CON FORMATO
Información miscelánea v. 1
Título 1945-46
Información miscelánea v. 2
Título 1947
Información miscelánea v. 3
Título 1948-49
Información miscelánea v. 4
Título 1950
Información miscelánea v 5
Título 1951
Información miscelánea v. 6
Título 1952-1955
504 ## - NOTA DE BIBLIOGRAFÍA, ETC.
Nota de bibliografía, etc. Incluye referencias bibliografícas
700 1# - PUNTO DE ACCESO ADICIONAL--NOMBRE DE PERSONA
Nombre de persona Castiella y Maíz, Fernando María
Fechas asociadas al nombre 1907-1976
9 (RLIN) 68380
830 #0 - PUNTO DE ACCESO ADICIONAL DE SERIE-TÍTULO UNIFORME
Título uniforme España y la organización de las Naciones Unidas
9 (RLIN) 68381
Existencias
Estado de retiro Estado de pérdida Restricciones de uso No para préstamo Código de colección Localización permanente Ubicación/localización actual Ubicación en estantería Fecha de adquisición Número de inventario Total de préstamos Signatura topográfica completa Código de barras Fecha visto por última vez Precio válido a partir de Tipo de ítem Koha
      Excluido de préstamo Monografías: Libros y Folletos General General En catalogación 14.10.2013 LF1   v. 1 41607-10 25.06.2020 25.06.2020 No se presta
      Excluido de préstamo Monografías: Libros y Folletos General General En catalogación 14.10.2013 LF1   v. 2 41607-20 25.06.2020 25.06.2020 No se presta
      Excluido de préstamo Monografías: Libros y Folletos General General En catalogación 14.10.2013 LF1   v. 3 41607-30 25.06.2020 25.06.2020 No se presta
      Excluido de préstamo Monografías: Libros y Folletos General General En catalogación 14.10.2013 LF1   v. 4 41607-40 25.06.2020 25.06.2020 No se presta
      Excluido de préstamo Monografías: Libros y Folletos General General En catalogación 14.10.2013 LF1   v. 5 41607-50 25.06.2020 25.06.2020 No se presta
      Excluido de préstamo Monografías: Libros y Folletos General General En catalogación 14.10.2013 LF1   v. 6 41607-60 25.06.2020 25.06.2020 No se presta

Con tecnología Koha